00245nam a2200109Ia 4500100002000000650002700020654001700047245003000064260001400094082001500108546001200123 aMohammed Amees  aElectrical Engineering aelectricians aElectricians trade theory bUzair pub a621.3bSHA aENGLISH